|
|
|
|
| LEADER |
00000nam a2200000 a 4500 |
| 001 |
vtls010650790 |
| 003 |
SK-MaSNL |
| 005 |
20260512101247.0 |
| 008 |
250312s1971 xo 000 0 slo |
| 015 |
|
|
|a SNBA1971
|
| 035 |
|
|
|a 518D6749-12A1-4B80-8380-816206C63B44
|
| 035 |
|
|
|a urn:nbn:sk:snk-aml5hi
|
| 035 |
|
|
|a urn:nbn:sk:snk-am008vgq
|
| 040 |
|
|
|a SNK
|b slo
|c SNK
|e AACR2
|
| 041 |
0 |
|
|a slo
|
| 044 |
|
|
|a xo
|c SK
|
| 080 |
|
|
|a 027.7(437.6):025.2
|2 1981
|
| 080 |
|
|
|a 025.2:027.7(437.6)
|2 1981
|
| 245 |
0 |
0 |
|a Tematický prírastok literatúry Ústrednej knižnice VŠT v Košiciach
|n č. 4.
|c sprac.: Irena Pivovarníková, Zuzana Kuklincová
|
| 260 |
|
|
|a Košice
|b Ústredná knižnica VŠT
|c [1971]
|
| 300 |
|
|
|a [2], 99 s.
|c 4°
|
| 610 |
2 |
7 |
|a Vysoká škola technická v Košiciach.
|b Ústredná knižnica
|2 SNKKA
|9 186447
|
| 650 |
0 |
7 |
|a knižničné fondy
|2 SNKPH
|9 1300
|
| 650 |
0 |
7 |
|a prírastky knižničných fondov
|2 SNKPH
|9 63917
|
| 655 |
|
7 |
|a príručky
|2 SNKPH
|9 74364
|
| 700 |
1 |
|
|a Burianová, Katarína
|4 com
|9 494213
|
| 700 |
1 |
|
|a Pivovarníková, Irena
|4 com
|9 548711
|
| 852 |
|
|
|a Slovenská národná knižnica
|
| 958 |
|
|
|a OND
|
| 958 |
|
|
|a RM
|
| 958 |
|
|
|a RK
|
| 958 |
|
|
|a KL
|
| 999 |
|
|
|c 841997
|d 843927
|
| 952 |
|
|
|a SNK
|b SNK
|y PREZ
|7 0
|p 17A0890915
|o snkSB 17324/4
|i snkKSP 5974/71
|0 0
|1 0
|4 0
|d 2015-01-29
|f 1
|l 0
|r 2025-03-18 00:00:00
|w 2026-02-24
|
| 952 |
|
|
|a SNK
|b SNK
|y VYP
|7 0
|o snkSB 17324/4 D1
|i snkKSP 5975/71
|0 0
|1 0
|4 0
|d 2015-01-29
|l 0
|r 2026-02-24 04:14:56
|w 2026-02-24
|